=LDR 00000nam 2200000 4500 =001 INLIS000000000009892 =005 20160728125645.0 =006 =007 =008 Ind =035 ##$$0010-061300000009892 =041 ##$$a Ind =082 ##$$a F Rom K =090 ##$$a F Rom K, Kip t =100 ##$$a Kipling, Rudyard =245 ##$$a The jungle books, Rudyard Kipling =260 ##$$a 2000 $b Jakarta =300 ##$$a 112 hlm, ilus, 21 cm =650 ##$$a Fiksi Kanak-kanak =850 ##$$a NBPNMAT